000 00955cab a2200301 4500
001 ABS50078
008 090401t1994 xxu||||| |||| 00| 0 eng d
035 _a(Sirsi) u74046
041 _aeng
100 _aPowell-Smith, V.
245 _aLeach and the architect
260 _c1994
350 _a0
490 _aContract Journal
_v372(5962) 17 February 1994, 10(1)
520 _aBrings out two aspects of "Merton LBC v Stanley Hugh Leach Ltd" (1985) on the role of the architect in adminstering the contract and efficiency in accurately recording each drawing issued.
650 _aADMINISTRATION
650 _aAGENTS
650 _aARCHITECTS
650 _aBUILT ENVIRONMENT-BUILDING CONTRACT FORMS
650 _aCONTRACT ADMINISTRATION
650 _aDRAWINGS
650 _aEMPLOYER
650 _aPROFESSIONAL CONDUCT
650 _aROLE
690 _aBUILT ENVIRONMENT-BUILDING CONTRACT FORMS
942 _n0
948 _c04/03/1997
999 _c46740
_d46740